| 000 | 00388nam a2200157Ia 4500 | ||
|---|---|---|---|
| 999 |
_c524 _d524 |
||
| 020 | _a0 00 216329 2 | ||
| 082 | _aRR 920.02025 FON; | ||
| 245 | 0 | _aFontana biographical companion to modern thought | |
| 260 |
_aLondon _bCollins _c1983 |
||
| 300 | _axxv, 867p. | ||
| 504 | _aref. | ||
| 650 | _aBiography - Directories | ||
| 700 | _aBullock, Alan | ||
| 700 | _aWoodings, R.B. | ||
| 942 | _cBK | ||